Βοήθημα για την ανάπτυξη εφαρμογών σε προγραμματιστικό περιβάλλον
Αποθηκεύτηκε σε:
| Κύριος συγγραφέας: | |
|---|---|
| Μορφή: | Βιβλίο |
| Γλώσσα: | Greek |
| Δημοσίευση: |
Αθήνα :
Κλειδάριθμος,
2009.
|
| Έκδοση: | 4η έκδ. |
| Θέματα: | |
| Ετικέτες: |
Προσθήκη ετικέτας
Δεν υπάρχουν, Καταχωρήστε ετικέτα πρώτοι!
|
MARC
| LEADER | 00000cam a2200000 i 4500 | ||
|---|---|---|---|
| 001 | 1/54763 | ||
| 008 | 140903s2009 gr | ||| |||| ||gre|| | ||
| 020 | |a 9789604612925 | ||
| 035 | |l 10118895 | ||
| 040 | |a GR-MyUa |b gre |e AACR2 | ||
| 041 | 0 | |a gre | |
| 082 | 7 | |a 005.1 |2 (23) | |
| 100 | 1 | |a Λαζαρίνης, Φώτης Ε. | |
| 245 | 1 | 0 | |a Βοήθημα για την ανάπτυξη εφαρμογών σε προγραμματιστικό περιβάλλον / |c Φώτης Λαζαρίνης. |
| 250 | |a 4η έκδ. | ||
| 260 | |a Αθήνα : |b Κλειδάριθμος, |c 2009. | ||
| 300 | |a 603 σ. ; |c 24 εκ. | ||
| 500 | |a Για τη Γ' τάξη Ενιαίου Λυκείου Τεχνολογικής Κατεύθυνσης. | ||
| 650 | 0 | 0 | |a Computer programming |x Study and teaching (Higher) |
| 650 | 0 | 0 | |a Computer algorithms |x Study and teaching (Higher) |
| 852 | |a INST |b SYROS |e 20140903 |h 005.1 ΛΑΖ |p 005500012510 |q 005500012510 |t BK |y 0 | ||
| 901 | |a BIBL5-2014-3 | ||
| 970 | |a ΚΟΝΤΟΥ |b ΠΑΡΑΣΚΕΥΗ |z 2014/09/01 | ||